Statistics for NBA Players Colleges (Made for KOT4Q)

Click here to take the quiz!

General Stats

  • This quiz has been taken 580 times
  • The average score is 59 of 145

Answer Stats

NBA PlayersAnswer% Correct
Stephen CurryDavidson
96%
Kevin DurantTexas
95%
Russell WestbrookUCLA
93%
Anthony DavisKentucky
92%
Devin BookerKentucky
92%
Kyrie IrvingDuke
91%
John WallKentucky
87%
Karl-Anthony TownsKentucky
87%
James HardenArizona st
85%
Demarcus CousinsKentucky
85%
Kawhi LeonardSan Diego st
82%
Chris PaulWake Forest
81%
Jimmy ButlerMarquette
80%
Blake GriffinOklahoma
80%
Draymond GreenMichigan st
79%
Kevin LoveUCLA
79%
Carmelo AnthonySyracuse
78%
Joel EmbiidKansas
75%
Dwayne WadeMarquette
75%
Andrew WigginsKansas
72%
Damian LillardWeber st
71%
Kemba WalkerConnecticut
68%
Gordon HaywardButler
67%
Jayson TatumDuke
66%
JJ RedickDuke
66%
Isiah ThomasWashington
66%
Paul GeorgeFresno st
65%
Lonzo BallUCLA
65%
Ben SimmonsLSU
64%
Klay ThompsonWashington st
64%
D'aaron FoxKentucky
62%
Derrick RoseMemphis
62%
D'angelo RussellOhio st
62%
DeMar DerozanUSC
62%
Jermey LinHarvard
59%
Julius RandleKentucky
59%
Kyle LowryVillanova
59%
Brandon IngramDuke
58%
Jahil OkaforDuke
58%
Al HorfordFlorida
58%
Joakim NoahFlorida
57%
Buddy HeildOklahoma
57%
Lamarcus AldridgeTexas
57%
Markelle FultzWashington
55%
Bradley BealFlorida
54%
Marcus SmartOklahoma st
54%
Malik MonkKentucky
53%
Rajon RondoKentucky
53%
CJ McCollumLehigh
53%
Bam AdebayoKentucky
52%
Victor OladipoIndiana
51%
Donovan MitchellLouisville
50%
Eric BledsoeKentucky
48%
Tyler UlisKentucky
48%
Andre DrummondConnecticut
47%
Luke KennardDuke
47%
Josh JacksonKansas
47%
Nerlens NoelKentucky
47%
Brook LopezStanford
47%
Doug McDermottCreighton
46%
Harrison BarnesNorth Carolina
45%
Mike ConleyOhio st
45%
Denzel ValentineMichigan st
43%
Aaron GordonArizona
42%
Trey BurkeMichigan
41%
Robin LopezStanford
41%
Jaylen BrownCalifornia
40%
Domantas SabonisGonzaga
39%
Justin JacksonNorth Carolina
39%
Deandre JordanTexas A&M
39%
Lauri MarkkanenArizona
38%
Marcus MorrisKansas
38%
Danny GreenNorth Carolina
36%
Dennis Smith jr.North Carolina st
36%
Kris DunnProvidence
35%
Jrue HolidayUCLA
35%
Johnathan IsaacFlorida st
34%
Jae CrowderMarquette
34%
Khris MiddletonTexas A&M
34%
Markieff MorrisKansas
33%
Zach CollinsGonzaga
32%
Eric GordonIndiana
32%
Michael Carter-WilliamsSyracuse
32%
Andre IguodalaArizona
30%
Deron WilliamsIllinois
30%
Yogi FerrellIndiana
30%
Hassan WhitesideMarshall
30%
Malcom BrogdonVirginia
30%
Rodney HoodDuke
29%
Kyle KorverCreighton
28%
Gary HarrisMichigan st
28%
Marvin WilliamsNorth Carolina
28%
Andrew BogutUtah
28%
Bobby PortisArkansas
25%
Jeremy LambConnecticut
25%
Patrick BeverleyArkansas
24%
Stanley JohnsonArizona
23%
Chandler ParsonsFlorida
23%
Paul MillsapLouisiana Tech
23%
Avery BradleyTexas
23%
Zach RandolphMichigan st
22%
Richard JeffersonArizona
21%
Reggie JacksonBoston College
21%
Greg MonroeGeorgetown
21%
Enes KanterKentucky
21%
Cameron PayneMurray st
21%
PJ TuckerTexas
21%
Zach LavineCalifornia
20%
Noah VonlehIndiana
20%
Ty LawsonNorth Carolina
20%
Rondae Hollis-JeffersonArizona
19%
TJ McConnellArizona
19%
Wesley MatthewsMarquette
19%
Diamond StoneMaryland
19%
Jeff TeagueWake Forest
19%
Joe JohnsonArkansas
18%
Elfrid PaytonLouisiana
18%
Jerian GrantNotre Dame
18%
Kentavious Caldwell-PopeGeorgia
17%
Jordan ClarksonMissouri
15%
Matthew DellavadovaSt. Mary
14%
Josh RichardsonTennessee
14%
Ryan AndersonCalifornia
13%
George HillIndiana
13%
Iman ShumpertGeorgia Tech
12%
Kent BazemoreOld Dominion
12%
Justin PattonCreighton
11%
Courtney LeeWestern Kentucky
11%
Cory JosephTexas
10%
Thaddeus YoungGeorgia Tech
9%
Maurice HarklessSt. Johns
9%
David WestXavier
9%
Solomon HillArizona
8%
Darren CollisonCalifornia
8%
Trevor ArizaCalifornia
7%
Tony AllenOklahoma st
7%
Larry SandersVCU
7%
Ish SmithWake Forest
7%
Wilson ChandlerDePaul
5%
Nikola VucevicSouth Carolina
5%
Trevor BookerClemson
4%
Anthony MorrowGeorgia Tech
3%
Langston GallowaySt. Joseph
3%
John PaxsonNotre Dame
1%
Brian ScalabrineSouth Carolina
1%

Score Distribution

Percentile by Number Answered

Percent of People with Each Score

Your Score History

You have not taken this quiz